| 000 | 01552nam a2200385 a 4500 | ||
|---|---|---|---|
| 001 | ebr10576506 | ||
| 003 | CaPaEBR | ||
| 006 | m u | ||
| 007 | cr cn||||||||| | ||
| 008 | 000524s2000 enka sb 001 0 eng d | ||
| 010 | _z 00130567 | ||
| 020 | _z0761963081 | ||
| 020 | _z076196309X (pbk.) | ||
| 020 | _z9780761963097 | ||
| 020 | _z9781412931434 (e-book) | ||
| 040 |
_aCaPaEBR _cCaPaEBR |
||
| 035 | _a(OCoLC)70773916 | ||
| 043 | _ae-uk--- | ||
| 050 | 1 | 4 |
_aBF636.67 _b.B66 2000eb |
| 082 | 0 | 4 |
_a174/.915 _221 |
| 100 | 1 | _aBond, Tim. | |
| 245 | 1 | 0 |
_aStandards and ethics for counselling in action _h[electronic resource] / _cTim Bond. |
| 250 | _a2nd ed. | ||
| 260 |
_aLondon ; _aThousand Oaks, Calif. : _bSage Publications, _c2000. |
||
| 300 |
_axiv, 263 p. : _bill. |
||
| 440 | 0 | _aCounselling in action | |
| 504 | _aIncludes bibliographical references (p. 247-256) and index. | ||
| 505 | 0 | _apt. 1. The background -- pt. 2. Responsibility to the client -- pt. 3. The counsellor and others -- pt. 4. The whole picture. | |
| 533 |
_aElectronic reproduction. _bPalo Alto, Calif. : _cebrary, _d2013. _nAvailable via World Wide Web. _nAccess may be limited to ebrary affiliated libraries. |
||
| 650 | 0 |
_aCounseling _xMoral and ethical aspects _zGreat Britain. |
|
| 650 | 0 |
_aCounselors _xProfessional ethics _zGreat Britain. |
|
| 655 | 7 |
_aElectronic books. _2local |
|
| 710 | 2 | _aebrary, Inc. | |
| 856 | 4 | 0 |
_uhttp://site.ebrary.com/lib/rucke/Doc?id=10576506 _zAn electronic book accessible through the World Wide Web; click to view |
| 999 |
_c189618 _d189618 |
||